• 首页
  • 本馆介绍
  • 公告通知
  • 最新文献
  • 馆藏检索
  • 电子资源
  • 读者导购
  • 参考咨询
  • 我的图书馆
  • 登录
  • 详细信息显示
  • 放入我的书架
  • 预约/预借图书
  • 作者相关作品
  • 分类相关作品
  • 丛书相关作品
  • 出版社相关作品

书目信息

  • 表格格式
  • 工作单格式
  • 卡片格式
题名:
人文社会科学概论
    
 
作者: 彭新武 主编
分册:  
出版信息: 北京   首都经济贸易大学出版社  2017.05
页数: 354页
开本: 21cm
丛书名: 地平线策划工作室通识书系
单 册:
中图分类: C43
科图分类:
主题词: 社会科学--高等学校--教材
电子资源:
ISBN: 978-7-5638-2639-1
000 00921oam2 2200277 450
001 0120172224126
005 20170911094629.62
010    @a978-7-5638-2639-1@dCNY27.00
100    @a20170621d2017 em y0chiy50 ea
101 0  @achi
102    @aCN@b110000
105    @ay z 000yy
106    @ar
200 1  @a人文社会科学概论@9ren wen she hui ke xue gai lun@f彭新武主编
205    @a4版
210    @a北京@c首都经济贸易大学出版社@d2017.05
215    @a354页@d21cm
225 2  @a地平线策划工作室通识书系
330    @a本书介绍了哲学、宗教学、伦理学、心理学、文学、美学、历史学、政治学、经济学、法学、社会学、管理学、人文社会科学研究方法、人文社会科学的发展趋势等内容。
333    @a一般读者
461  0 @12001 @a地平线策划工作室通识书系
606 0  @a社会科学@x高等学校@j教材
690    @aC43@v5
701  0 @a彭新武@9peng xin wu@4主编
801  0 @aCN@b人天书店@c20170621
905    @b1071464-69@dC43@e347=4@f6
    
    人文社会科学概论/彭新武主编.-4版.-北京:首都经济贸易大学出版社,2017.05
    354页;21cm.-(地平线策划工作室通识书系)
    使用对象:一般读者
    
    ISBN 978-7-5638-2639-1:CNY27.00
    本书介绍了哲学、宗教学、伦理学、心理学、文学、美学、历史学、政治学、经济学、法学、社会学、管理学、人文社会科学研究方法、人文社会科学的发展趋势等内容。
●
相关链接 在E读中查询图书 在五车中查询图书 在当当中查询图书 在豆瓣中查询图书


正题名:人文社会科学概论     索取号:C43/347=4         预约/预借

序号 登录号 条形码 馆藏地/架位号 状态 备注
1 1071464   210714645   第一样本阅览室/ [索取号:C43/347=4] 在馆    
2 1071465   210714654   密集书库-马院/ [索取号:C43/347=4] 在馆    
3 1071466   210714663   第一借阅区/ [索取号:C43/347=4] 在馆    
4 1071467   210714672   第一借阅区/ [索取号:C43/347=4] 在馆    
5 1071468   210714681   第一借阅区/ [索取号:C43/347=4] 在馆    
6 1071469   210714690   第一借阅区/ [索取号:C43/347=4] 在馆    
唐山师范学院图书馆 欢迎您!
大连网信软件有限公司© 版权所有